000 00559nam a2200193 4500
001 108264
003 ES-MaACL
005 20230906184618.0
007 t|
008 061121s1916 it r ||||1| ita d
100 1 _aMontelatici, Giovanni.
_982447
245 1 0 _aStoria della letteratura bizantina (324-1453) /
_cGiovanni Montelatici.
260 _aMilano :
_b[s.n.],
_c1916 (
_fImp. Allegretti)
300 _aVIII, 292 p. ;
_c15 cm.
490 1 _aManuali Hoepli
830 0 _aManuali Hoepli
_9180782
852 _aES-MaACL
_jD-4254
999 _c108264
_d108264